LEADER 01600nam a2200325 a 4500 001 000000150929 003 CaOOAMICUS 005 20160401131800.0 008 160401s2002 it frm z000 u eng r 020 $a88-8333-031-5* 032 $aLibriCat 040 $aPUL$bita 100 1 $aEjeh, Benedict Ndubueze,$csacerdote,$d1967-$0(OLS)http://pul/name/96046 245 14$aThe freedom of candidates for the priesthood /$cBenedict N. Ejeh. 260 $aRoma :$bEDUSC,$c2002. 300 $a277 p. ;$c24 cm 440 0$aDissertationes (Pontificia Università della Santa Croce).$pSeries canonica ;$v7 502 $aTesi -- Pontificia Universitas Sanctae Crucis. Facultas Iiuris Canonici, 2002. 504 $aBibliografia: p.[257]-277. 650 4$aOrdinazione sacerdotale (diritto canonico).$0(OLS)http://pul/subject/39929 710 2 $aPontificia Università della Santa Croce.$bFacoltà di diritto canonico.$kTesi.$0(OLS)http://pul/name/66397 830 0$aDissertationes (Pontificia Università della Santa Croce).$pSeries canonica ;$v7.$0(OLS)http://pul/title/103377 850 $aPUL 852 $aPUL$W1$xDP1 Tesi Pon. Univ. S. Croce$y43$m2002 C 2$j127957$qTesi$B175539$CPULBib$Z2$F175539 $82 941 1 $a16 996 $6020$a88-8333-031-5*$9(OLS)http://pul/number/160173 996 $6245$aThe freedom of candidates for the priesthood$9(OLS)http://pul/title/190113 996 $6440$aDissertationes (Pontificia Università della Santa Croce).$pSeries canonica$9(OLS)http://pul/title/103377 996 $6260$aRoma :$bEDUSC$9(OLS)http://pul/publisher/79480 LEADER 01645namaa2200313 i 4500 001 000000178130 003 CaOOAMICUS 005 20251014120816.0 008 251014m1950 it u000 u lat u 040 $aPUL$bita 100 1 $aLega, Michele,$ccard.,$d1860-1935.$0(OLS)http://pul/name/16224 245 10$aCommentarius in iudicia ecclesiastica iuxta Codicem iuris canonici /$cauctore Michaele Lega ; curante Victorio Bartoccetti. 260 $aRomae :$bAnonima libraria cattolica italiana,$c1950. 300 $a3 volumi ;$c25 cm 336 $atesto$btxt$2rdacontent 337 $asenza mediazione$bn$2rdamedia 338 $avolume$bnc$2rdacarrier 504 $aBibliografia in nota. 630 04$aCodex iuris canonici$xCommenti.$0(OLS)http://pul/subject/10175 650 4$aDiritto canonico$xFonti.$0(OLS)http://pul/subject/1671 700 1 $aBartoccetti, Vittorio,$csacerdote,$dn. 1893-1963,$ecuratore.$0(OLS)http://pul/name/836 850 $aPUL 852 $aPUL$W1$xDP1 Fondo Liberati$y125$m2 G 1$j157436$qFondi$q$av. 1$B207193$CPULBib$Z2$F207193 $HLib78 $82 852 $aPUL$W1$xDP1 Fondo Liberati$y125$m2 G 3$j157439$qFondi$q$av. 3$B207195$CPULBib$Z2$F207195 $HLib80 $82 852 $aPUL$W1$xDP1 Fondo Liberati$y125$m2 G 2$j202021$qFondi$q$av. 2$B207194$CPULBib$Z2$F207194 $HLib79 $82 941 1 $a1 996 $6245$aCommentarius in iudicia ecclesiastica iuxta Codicem iuris canonici$9(OLS)http://pul/title/49207 996 $6260$aRomae :$bAnonima libraria cattolica italiana$9(OLS)http://pul/publisher/62672